|
|
|
|
| LEADER |
00000nkm a2200000 a 4500 |
| 001 |
vtls010651747 |
| 003 |
SK-MaSNL |
| 005 |
20260301175209.0 |
| 007 |
kf co |
| 008 |
231206s1976 g kzslo |
| 035 |
|
|
|a 9FABE189-8C86-4FAC-ACF3-488AB8D54A61
|
| 035 |
|
|
|a urn:nbn:sk:snk-kmxwr8
|
| 035 |
|
|
|a urn:nbn:sk:snk-km004bez
|
| 040 |
|
|
|a SNK
|b slo
|c SNK
|e AACR2
|
| 041 |
0 |
|
|a slo
|
| 044 |
|
|
|a xo
|c SK
|
| 080 |
|
|
|a (437.6)
|2 2001
|
| 080 |
|
|
|a (084.121)
|2 2001
|
| 100 |
1 |
|
|a Bálik, Peter
|4 aut
|4 pht
|9 290638
|
| 245 |
1 |
0 |
|a Pozdrav zo Starého Smokovca
|h grafika
|b Tatranský národný park : Vysoké Tatry : liečebný dom Palace a hotel Grand : reštaurácia Taverna : hotel Grand : stanica ČSD v Starom Smokovci : Dom služieb
|c foto: Peter Bálik
|
| 260 |
|
|
|a Bratislava
|b Pravda
|c [1976]
|
| 300 |
|
|
|a 1 pohľadnica
|b farebná
|c 11 x 15 cm
|
| 520 |
8 |
|
|a Zobrazenie: 5 čiastkových pohľadov
|
| 651 |
|
7 |
|a Starý Smokovec (Vysoké Tatry, Slovensko)
|2 SNKPH
|9 160864
|
| 655 |
|
7 |
|a geografické pohľadnice
|2 SNKPH
|9 70522
|
| 655 |
|
7 |
|a miestne pohľadnice
|2 SNKPH
|9 70510
|
| 852 |
|
|
|a Slovenská národná knižnica
|
| 958 |
|
|
|a GC
|
| 958 |
|
|
|a GBN
|
| 958 |
|
|
|a OND
|
| 999 |
|
|
|c 842021
|d 843951
|
| 952 |
|
|
|a SNK
|b SNK
|y PREZ
|7 0
|p 17A1122072
|o snkSP 152311
|i snk2015/3602
|8 3
|g 0.50
|0 0
|1 0
|4 0
|d 2015-02-03
|f 1
|l 0
|r 2026-02-24 04:14:59
|w 2026-02-24
|